01831cam a2200361 a 450000100090000000300050000900500170001400800410003101000170007202000180008902500230010704000180013004100130014804200150016105000210017606600110019708200180020810000330022624501930025926000700045230000330052250000980055550400540065352001800070754600270088765000320091465000360094671000480098288000440103088002180107488001120129288000650140416030351NUST20170806190114.0091221s2009 pk a b 000 0curd  a 2009361650 a9789693703351 aP-U-2009361650; 14 aDLCcDLCdDLC0 aurdaeng alcodeapcc00aPN452b.I23 2009 c(3c(4 a891.4393bIBA1 6880-01aʻIbād, Ṣafiyah.106880-02aRāg rut, k̲h̲vāhish-i marg aur tanhā phūl :badībon̲ men̲ k̲h̲vudkushī ke muḥarrikāt : Urdū adab ke k̲h̲uṣūṣī ḥavāle se /cṢafiyah ʻIbād. 6880-03aIslāmābād :bNaishnal Buk Fāʼūḍishan,c2009. axv, 383 p. :bill. ;c26 cm. aOriginally presented as the author's thesis (Ph. D)--National University of Modern Languages. aIncludes bibliographical references (p. 368-383). aHistorical study of the causes of suicide in authors with special reference to Urdu poets; includes biographical sketches of authors who commit suicide or attempt for suicide. aUrdu; some in English. 0aAuthorsxSuicidal behavior. 0aPoets, UrduxSuicidal behavior.2 6880-04aNational Book Foundation (Pakistan)1 6100-01/(3/r‏a‏عباد، صفيه.106245-02/(3/r‏a‏راگ رت، خواهش مرگ اور تنها پھول :‏b‏اديبوں ميں خودکشى کے محرکات : اردو ادب کے خصوصى حوالے سے /‏c‏صفيه عباد. 6260-03/(3/r‏a‏اسلام‌آباد :‏b‏نيشنل بک فاؤنڈيشن،‏c‏‪2009‬.2 6710-04/(3/r‏aنيشنل بک فاؤنڈيشن(Pakistan)